Programming in Python 3 (Record no. 830)

MARC details
000 -LEADER
Fixed length control field 00538nam a2200205 4500
003 - CONTROL NUMBER IDENTIFIER
Control field SEACOMEC
005 - DATE AND TIME OF LATEST TRANSACTION
Control field 20240408122038.0
008 - FIXED-LENGTH DATA ELEMENTS--GENERAL INFORMATION
Fixed length control field 240319b |||||||| |||| 00| 0 eng d
020 ## - INTERNATIONAL STANDARD BOOK NUMBER / ISBN
International Standard Book Number 978-93-528-6917-6
Price 725.00
040 ## - CATALOGING SOURCE
Original cataloging agency SEACOMEC
041 ## - LANGUAGE CODE
Language code English
082 ## - DEWEY DECIMAL CLASSIFICATION NUMBER
Classification number 005.133
Book Number S955
100 ## - MAIN ENTRY--PERSONAL NAME
Personal name Summerfield, Mark
245 ## - TITLE STATEMENT
Title Programming in Python 3
Statement of responsibility Mark Summerfield
250 ## - EDITION STATEMENT
Edition statement 2nd
260 ## - IMPRINT
Place of publication U.P.
Name of publisher Pearson
Date of publication 2018
300 ## - PHYSICAL DESCRIPTION
Page / Vol. No xvii,630p
Dimensions 23Cm
650 ## - SUBJECT ADDED ENTRY--TOPICAL TERM
Topical term Computer Programming
Form subdivision Programming Languages
942 ## - ADDED ENTRY ELEMENTS (KOHA)
Koha item type Reference Books
Holdings
Withdrawn status Lost status Source of classification Damaged status Not for loan Home library Current library Date acquired Total Checkouts Call number Accession number Date last seen Price effective from Koha item type
    Dewey Decimal Classification     SEACOM ENGINEERING COLLEGE SEACOM ENGINEERING COLLEGE 19/03/2024   005.133 S955 21495 19/03/2024 19/03/2024 Reference Books
© Seacom Engineering College, All rights reserved.      Powered by Koha